000
00314nam a2200133Ia 4500
008
240624s9999 xx 000 0 und d
041
_a
eng
082
_a
823 JAC
100
_a
JACOBS JOSEPH
245
_a
INDIAN FAIRY TALES
260
_c
2017
_a
New Delhi
_b
Hachette
300
_a
224 p.; 19 cm.
365
_c
RS
_b
30
999
_c
29534
_d
29534